[Event "Hamburg-chT Landesliga 1920"]
[Site "Hamburg"]
[Date "2020.02.09"]
[Round "6.8"]
[White "Schueler, Hendrik"]
[Black "Reuber, Artur"]
[Result "1/2-1/2"]
[WhiteElo "2091"]
[BlackElo "2176"]
[PlyCount "48"]
[EventDate "2019.09.29"]
[EventType "team-tourn"]
[EventRounds "9"]
[EventCountry "GER"]
[SourceTitle "EXT 2021"]
[Source "ChessBase"]
[SourceDate "2020.10.23"]
[SourceVersion "1"]
[SourceVersionDate "2020.10.23"]
[SourceQuality "1"]

1. d4 f5 2. Bg5 g6 3. e3 Bg7 4. Nc3 d5 5. Nge2 Be6 6. Nf4 Bf7 7. Qf3 c6 8. Nd3 Nd7 9. g4 fxg4 10. Qxg4 Ngf6 11. Bxf6 exf6 12. 0-0-0 Qe7 13. h4 h5 14. Qg3 0-0-0 15. Bh3 Bh6 16. Nc5 f5 17. Nxd7 Rxd7 18. Ne2 Qd6 19. Qxd6 Rxd6 20. Nf4 Bxf4 21. exf4 Re8 22. Rhe1 Rde6 23. Re5 Kd7 24. Rde1 R6e7 1/2-1/2

[Event "Hamburg-chT Landesliga 1920"]
[Site "Hamburg"]
[Date "2019.10.20"]
[Round "2.7"]
[White "Reuber, Artur"]
[Black "Oelmeyer, Gerrit"]
[Result "1/2-1/2"]
[WhiteElo "2176"]
[BlackElo "2038"]
[PlyCount "56"]
[EventDate "2019.09.29"]
[EventType "team-tourn"]
[EventRounds "9"]
[EventCountry "GER"]
[SourceTitle "EXT 2021"]
[Source "ChessBase"]
[SourceDate "2020.10.23"]
[SourceVersion "1"]
[SourceVersionDate "2020.10.23"]
[SourceQuality "1"]

1. c4 c5 2. b3 Nc6 3. Bb2 Nf6 4. Nf3 d5 5. cxd5 Nxd5 6. g3 f6 7. Bg2 e5 8. 0-0 Be6 9. e3 Qd7 10. d4 cxd4 11. exd4 e4 12. Nfd2 f5 13. Nc4 Bb4 14. a3 Be7 15. Nbd2 b5 16. Ne3 Nxe3 17. fxe3 0-0 18. g4 fxg4 19. Nxe4 Rxf1+ 20. Qxf1 Rf8 21. Qxb5 Rb8 22. Qe2 Rxb3 23. d5 Bxd5 24. Rd1 Qb7 25. Nf6+ Kh8 26. Bxd5 Rxb2 27. Qxg4 Bxf6 28. Qf3 Qb8 1/2-1/2

[Event "Oberliga Nord N 1415"]
[Site "Germany"]
[Date "2015.01.18"]
[Round "5.8"]
[White "Reuber, Artur"]
[Black "Uksini, Bardhyl"]
[Result "1-0"]
[WhiteElo "2155"]
[BlackElo "2191"]
[PlyCount "91"]
[EventDate "2014.09.21"]
[EventType "team-tourn"]
[EventRounds "9"]
[EventCountry "GER"]
[SourceTitle "EXT 2016"]
[Source "ChessBase"]
[SourceDate "2015.10.08"]
[SourceVersion "1"]
[SourceVersionDate "2015.10.08"]
[SourceQuality "1"]
[WhiteTeam "Hamburg St Pauli"]
[BlackTeam "Hamburger SK III"]
[WhiteTeamCountry "GER"]
[BlackTeamCountry "GER"]

1. c4 Nf6 2. Nc3 c5 3. g3 g6 4. Bg2 Bg7 5. e3 0-0 6. Nge2 Nc6 7. 0-0 b6 8. a3 Bb7 9. b4 cxb4 10. axb4 d5 11. cxd5 Nxb4 12. e4 Qd7 13. Ba3 Na6 14. Qb3 Rfd8 15. d4 e6 16. d6 Rac8 17. e5 Bxg2 18. Kxg2 Qb7+ 19. f3 Ng4 20. Ne4 Qd5 21. Qd3 Bxe5 22. N4c3 Qc4 23. Qxc4 Rxc4 24. fxg4 Bxd4 25. Nxd4 Rxd4 26. Nb5 Rd5 27. Nxa7 Nc5 28. Nc6 Rd2+ 29. Kg1 R8xd6 30. Bxc5 bxc5 31. Ne5 Re2 32. Nf3 Rd7 33. Rac1 Rc7 34. Rc4 e5 35. Re1 Rxe1+ 36. Nxe1 f6 37. Nd3 Rd7 38. Nf2 Rd5 39. Ne4 Rd4 40. Nxf6+ Kf7 41. Rxd4 cxd4 42. Nxh7 Ke6 43. Kf2 e4 44. Ng5+ Kd5 45. h4 e3+ 46. Ke2 1-0

[Event "Lueneburg op"]
[Site "Lueneburg"]
[Date "2014.08.10"]
[Round "2"]
[White "Grabarczyk, Miroslaw"]
[Black "Reuber, Artur"]
[Result "1-0"]
[WhiteElo "2476"]
[BlackElo "2155"]
[PlyCount "91"]
[EventDate "2014.08.09"]
[EventType "swiss"]
[EventRounds "9"]
[EventCountry "GER"]
[SourceTitle "CBM 161 Extra"]
[Source "ChessBase"]
[SourceDate "2014.08.29"]
[SourceVersion "1"]
[SourceVersionDate "2014.08.29"]
[SourceQuality "1"]

1. d4 f5 2. Nf3 g6 3. c4 Nf6 4. g3 Bg7 5. b4 0-0 6. Bg2 d6 7. Bb2 c6 8. a4 e5 9. dxe5 Ng4 10. Qb3 Nxe5 11. c5+ Rf7 12. cxd6 Nxf3+ 13. Bxf3 Qxd6 14. Bxg7 Be6 15. Qc3 Rxg7 16. 0-0 Nd7 17. Na3 Qe5 18. Rfc1 Qxc3 19. Rxc3 Nb6 20. Re3 Bd5 21. a5 Bxf3 22. axb6 Bd5 23. Nb1 a6 24. Nc3 Rd8 25. Rd1 Rgd7 26. Na4 Bc4 27. Rxd7 Rxd7 28. Nc5 Rd1+ 29. Kg2 Rb1 30. Re7 Rxb4 31. Rxb7 Rb5 32. Rb8+ Kg7 33. b7 Rxc5 34. Rg8+ Bxg8 35. b8Q Bd5+ 36. f3 Rc2 37. Qe5+ Kg8 38. Kg1 Rc4 39. Kf2 Ra4 40. h4 h5 41. Qe7 Kh8 42. g4 fxg4 43. e4 Ra2+ 44. Kg3 gxf3 45. exd5 cxd5 46. Kxf3 1-0

[Event "Lueneburg op"]
[Site "Lueneburg"]
[Date "2014.08.09"]
[Round "1"]
[White "Reuber, Artur"]
[Black "Holinka, Henning"]
[Result "1-0"]
[WhiteElo "2155"]
[BlackElo "1730"]
[PlyCount "37"]
[EventDate "2014.08.09"]
[EventType "swiss"]
[EventRounds "9"]
[EventCountry "GER"]
[SourceTitle "CBM 161 Extra"]
[Source "ChessBase"]
[SourceDate "2014.08.29"]
[SourceVersion "1"]
[SourceVersionDate "2014.08.29"]
[SourceQuality "1"]

1. g3 d5 2. f4 b6 3. Nf3 Nd7 4. Bg2 e6 5. 0-0 Bb7 6. d3 f5 7. e4 Qf6 8. exf5 exf5 9. Re1+ Be7 10. Ng5 Nf8 11. d4 h6 12. Nf3 0-0-0 13. Qd3 Ne6 14. c3 g5 15. Re5 Rf8 16. Qe2 Kd7 17. Rxd5+ Bxd5 18. Ne5+ Kd8 19. Bxd5 1-0

[Event "Lueneburg op"]
[Site "Lueneburg"]
[Date "2013.07.20"]
[Round "6"]
[White "Reuber, Artur"]
[Black "Terhorst, Jochen"]
[Result "1-0"]
[WhiteElo "2129"]
[BlackElo "2182"]
[PlyCount "111"]
[EventDate "2013.07.15"]
[EventType "swiss"]
[EventRounds "7"]
[EventCountry "GER"]
[SourceTitle "CBM 155 Extra"]
[Source "ChessBase"]
[SourceDate "2013.08.26"]
[SourceVersion "1"]
[SourceVersionDate "2013.08.26"]
[SourceQuality "1"]

1. c4 e6 2. Nf3 d5 3. g3 c5 4. Bg2 Nc6 5. 0-0 Nf6 6. cxd5 exd5 7. d4 Be7 8. Nc3 0-0 9. Bf4 Bg4 10. Ne5 cxd4 11. Nb5 Qb6 12. Nc7 Qxc7 13. Nxg4 Qd7 14. Ne5 Qe6 15. Nxc6 bxc6 16. Qxd4 Rfe8 17. Bf3 Bd6 18. Rac1 c5 19. Qa4 Ne4 20. Bxe4 Bxf4 21. Bxh7+ Kxh7 22. Qxf4 Qxe2 23. Qxf7 Rad8 24. Qf5+ Kh8 25. Rxc5 Qxb2 26. Qh5+ Kg8 27. Rxd5 Qxa2 28. Ra5 Qb2 29. Rxa7 Rf8 30. Qc5 Qe2 31. Re7 Qf3 32. Qc4+ Kh8 33. Re4 Rf5 34. Rh4+ Rh5 35. Qg4 Qxg4 36. Rxg4 Rhd5 37. Re1 Rd1 38. Rxd1 Rxd1+ 39. Kg2 Rd3 40. Rg6 Kh7 41. Rc6 Ra3 42. h4 Rb3 43. g4 Ra3 44. f3 Ra4 45. h5 Rb4 46. Kg3 Ra4 47. f4 Rb4 48. f5 Kh8 49. Kh4 Ra4 50. Kg5 Rb4 51. h6 Kh7 52. Rc7 Kh8 53. Re7 Ra4 54. hxg7+ Kg8 55. f6 Ra5+ 56. Kg6 1-0

[Event "Lueneburg op"]
[Site "Lueneburg"]
[Date "2013.07.19"]
[Round "5"]
[White "Fries Nielsen, Jens Ove"]
[Black "Reuber, Artur"]
[Result "1-0"]
[WhiteElo "2381"]
[BlackElo "2129"]
[PlyCount "27"]
[EventDate "2013.07.15"]
[EventType "swiss"]
[EventRounds "7"]
[EventCountry "GER"]
[SourceTitle "CBM 155 Extra"]
[Source "ChessBase"]
[SourceDate "2013.08.26"]
[SourceVersion "1"]
[SourceVersionDate "2013.08.26"]
[SourceQuality "1"]

1. Nf3 f5 2. b4 Nf6 3. Bb2 e6 4. a3 b6 5. e3 Bb7 6. Be2 Be7 7. c4 0-0 8. h3 Qe8 9. g4 fxg4 10. hxg4 Nxg4 11. Qc2 g6 12. Rg1 Bf6 13. Nc3 Bg7 14. Rxg4 1-0

[Event "Lueneburg op"]
[Site "Lueneburg"]
[Date "2013.07.15"]
[Round "1"]
[White "Buecker, Simone"]
[Black "Reuber, Artur"]
[Result "0-1"]
[WhiteElo "1640"]
[BlackElo "2129"]
[PlyCount "62"]
[EventDate "2013.07.15"]
[EventType "swiss"]
[EventRounds "7"]
[EventCountry "GER"]
[SourceTitle "CBM 155 Extra"]
[Source "ChessBase"]
[SourceDate "2013.08.26"]
[SourceVersion "1"]
[SourceVersionDate "2013.08.26"]
[SourceQuality "1"]

1. d4 f5 2. Nf3 Nf6 3. Bf4 g6 4. h3 Bg7 5. e3 0-0 6. Be2 d6 7. 0-0 e6 8. c3 h6 9. Nbd2 g5 10. Bh2 Nbd7 11. Qb3 Qe7 12. Bd3 Kh8 13. c4 Ne8 14. Rac1 e5 15. dxe5 dxe5 16. Bb1 h5 17. Qd1 g4 18. hxg4 hxg4 19. Ne1 e4 20. b3 Rf7 21. Bf4 Qh4 22. Bg3 Qh6 23. Nxe4 fxe4 24. Qxg4 Ndf6 25. Qh4 Bg4 26. Qxh6+ Bxh6 27. Be5 Be2 28. Bxf6+ Nxf6 29. Nc2 Bxf1 30. Kxf1 Ng4 31. Ke2 Rxf2+ 0-1

[Event "GER-ch Net final U25"]
[Site "Playchess.com INT"]
[Date "2008.06.15"]
[Round "9"]
[White "Reuber, Artur"]
[Black "Lantzsch, Christian"]
[Result "0-1"]
[WhiteElo "2061"]
[BlackElo "2218"]
[PlyCount "42"]
[EventDate "2008.06.15"]
[EventType "swiss (blitz)"]
[EventRounds "9"]
[EventCountry "GER"]
[SourceTitle "CBM 124 Extra"]
[Source "ChessBase"]
[SourceDate "2008.07.03"]
[SourceVersion "1"]
[SourceVersionDate "2008.07.03"]
[SourceQuality "1"]

1. c4 f5 2. Nc3 Nf6 3. g3 e6 4. Bg2 Be7 5. Nf3 0-0 6. 0-0 d6 7. Rb1 c6 8. b4 d5 9. cxd5 exd5 10. d4 Ne4 11. Qc2 Be6 12. b5 Qa5 13. bxc6 Nxc6 14. Bd2 Qa6 15. e3 Rfc8 16. Qb2 Rab8 17. Rfc1 Ba3 18. Qb5 Qxb5 19. Nxb5 Bxc1 20. Bxc1 a6 21. Nd6 Nxd6 0-1

[Event "GER-ch Net final U25"]
[Site "Playchess.com INT"]
[Date "2008.06.15"]
[Round "7"]
[White "Reuber, Artur"]
[Black "Trella, Thomas"]
[Result "0-1"]
[WhiteElo "2061"]
[BlackElo "2300"]
[PlyCount "142"]
[EventDate "2008.06.15"]
[EventType "swiss (blitz)"]
[EventRounds "9"]
[EventCountry "GER"]
[SourceTitle "CBM 124 Extra"]
[Source "ChessBase"]
[SourceDate "2008.07.03"]
[SourceVersion "1"]
[SourceVersionDate "2008.07.03"]
[SourceQuality "1"]

1. c4 e5 2. Nc3 Nc6 3. g3 f5 4. Bg2 Nf6 5. d3 Bb4 6. Bd2 0-0 7. Nf3 d6 8. 0-0 Bxc3 9. Bxc3 Qe8 10. b4 Qh5 11. b5 Nd8 12. e3 Ne6 13. h4 f4 14. exf4 exf4 15. Ng5 fxg3 16. Qxh5 Nxh5 17. fxg3 Nxg5 18. Rxf8+ Kxf8 19. hxg5 Nxg3 20. Kh2 Nf5 21. a4 Rb8 22. Rf1 b6 23. Bc6 Be6 24. Re1 Kf7 25. a5 Rd8 26. Ra1 Bd7 27. Bd5+ Be6 28. Bc6 d5 29. axb6 axb6 30. Ra7 dxc4 31. dxc4 Rd3 32. Rxc7+ Kg6 33. Be5 Rd2+ 34. Kg1 Rd1+ 35. Kf2 Kxg5 36. Bxg7 Bxc4 37. Bc3 Rf1+ 38. Kg2 Ne3+ 39. Kg3 Nf5+ 40. Kg2 h5 41. Be4 Ne3+ 42. Kg3 h4+ 43. Kh2 Kf4 44. Bb7 Rf2+ 45. Kg1 Rf1+ 46. Kh2 Ng4+ 47. Kg2 h3+ 48. Kxh3 Be6 49. Kg2 Rf2+ 50. Kg1 Ra2 51. Bc8 Bxc8 52. Rxc8 Kg3 53. Be5+ Nxe5 54. Rc3+ Nf3+ 55. Kf1 Ra1+ 56. Ke2 Rb1 57. Ke3 Kg4 58. Ke4 Re1+ 59. Kd5 Ng5 60. Kc6 Kf5 61. Kb7 Re6 62. Rc8 Ne4 63. Rf8+ Ke5 64. Rh8 Nc5+ 65. Kc7 Kd5 66. Rh5+ Kc4 67. Kb8 Kxb5 68. Kc8 Kc6 69. Kd8 b5 70. Rh2 Nb7+ 71. Kc8 Re8# 0-1

[Event "GER-ch Net qual4 U25"]
[Site "Playchess.com INT"]
[Date "2008.06.11"]
[Round "7"]
[White "Reuber, Artur"]
[Black "Hastrich, Julian"]
[Result "1/2-1/2"]
[WhiteElo "2061"]
[BlackElo "2065"]
[PlyCount "46"]
[EventDate "2008.06.11"]
[EventType "swiss (blitz)"]
[EventRounds "7"]
[EventCountry "GER"]
[SourceTitle "CBM 124 Extra"]
[Source "ChessBase"]
[SourceDate "2008.07.03"]
[SourceVersion "1"]
[SourceVersionDate "2008.07.03"]
[SourceQuality "1"]

1. c4 c6 2. Nc3 d5 3. d4 Nf6 4. Nf3 dxc4 5. a4 Bf5 6. e3 e6 7. Bxc4 Nbd7 8. 0-0 Bb4 9. Qe2 Bg6 10. Rd1 0-0 11. Ne5 Nxe5 12. dxe5 Nd7 13. f4 Qc7 14. Bd2 Nb6 15. Bb3 a5 16. Rac1 Qe7 17. Kh1 Rfd8 18. e4 Kh8 19. Be3 Nd7 20. Qf3 f6 21. exf6 Nxf6 22. f5 Rxd1+ 23. Rxd1 Bh5 1/2-1/2

[Event "GER-ch Net qual4 U25"]
[Site "Playchess.com INT"]
[Date "2008.06.11"]
[Round "4"]
[White "Reuber, Artur"]
[Black "Siedentopf, Daniel"]
[Result "1-0"]
[WhiteElo "2061"]
[BlackElo "2180"]
[PlyCount "141"]
[EventDate "2008.06.11"]
[EventType "swiss (blitz)"]
[EventRounds "7"]
[EventCountry "GER"]
[SourceTitle "CBM 124 Extra"]
[Source "ChessBase"]
[SourceDate "2008.07.03"]
[SourceVersion "1"]
[SourceVersionDate "2008.07.03"]
[SourceQuality "1"]

1. c4 f5 2. Nc3 Nf6 3. g3 g6 4. Bg2 Bg7 5. Nf3 0-0 6. 0-0 d6 7. Rb1 a5 8. a3 Nh5 9. d4 Qe8 10. Qb3 Kh8 11. d5 Na6 12. Qc2 e5 13. dxe6 Bxe6 14. Nd5 c6 15. Nf4 Nxf4 16. Bxf4 Rd8 17. Rfd1 d5 18. c5 h6 19. Bd6 Rf7 20. Ne5 Bxe5 21. Bxe5+ Kh7 22. Bd6 Nc7 23. a4 Na6 24. Qc3 Nb4 25. h4 Bc8 26. e3 Qe6 27. Rd4 Qf6 28. Qd2 Re8 29. Rc1 Re6 30. Bf3 Kg8 31. Kg2 Rd7 32. Bf4 Kh7 33. Rh1 Rde7 34. Bd6 Re8 35. g4 fxg4 36. Rxg4 Rxd6 37. cxd6 Bxg4 38. Bxg4 Qxd6 39. h5 Rg8 40. f3 Qf6 41. Kf2 g5 42. Qc3 Qxc3 43. bxc3 Na6 44. Rb1 Nc5 45. Bf5+ Kg7 46. Bc2 Re8 47. Rd1 Re7 48. Rd4 Kf6 49. c4 Ne6 50. Rg4 dxc4 51. Rxc4 Ng7 52. Bg6 Nf5 53. Rc5 Re5 54. Rc3 Ne7 55. Bc2 Nd5 56. Rb3 Ke7 57. Bg6 Kd6 58. Rxb7 Rxe3 59. Rh7 Ra3 60. Rxh6 Rxa4 61. Bc2+ Kc5 62. Bxa4 Nb4 63. Bxc6 Nxc6 64. Rxc6+ Kxc6 65. h6 a4 66. h7 a3 67. h8Q a2 68. Qa1 Kd5 69. Qxa2+ Ke5 70. Qe2+ Kf4 71. Qe4# 1-0

[Event "GER-ch internet U25 qual 04"]
[Site "Playchess.com INT"]
[Date "2007.06.13"]
[Round "5"]
[White "Reuber, Artur"]
[Black "Commercon, Simon"]
[Result "1-0"]
[WhiteElo "2096"]
[BlackElo "2109"]
[PlyCount "123"]
[EventDate "2007.06.13"]
[EventType "swiss (blitz)"]
[EventRounds "7"]
[EventCountry "GER"]
[SourceTitle "EXT 2009"]
[Source "ChessBase"]
[SourceDate "2008.11.26"]
[SourceVersion "1"]
[SourceVersionDate "2008.11.26"]
[SourceQuality "1"]

1. c4 f5 2. g3 Nf6 3. Nc3 d6 4. Bg2 g6 5. Nh3 Bg7 6. 0-0 0-0 7. d3 e5 8. Rb1 a5 9. a3 c6 10. b4 axb4 11. axb4 Qc7 12. b5 Be6 13. Ng5 Bc8 14. Qb3 h6 15. Nf3 Be6 16. Ne1 Kh7 17. Nc2 Nbd7 18. bxc6 bxc6 19. Qb7 Rfc8 20. Qxc7 Rxc7 21. Nb4 Rac8 22. Bd2 Nc5 23. Be3 Ncd7 24. Na6 Ng4 25. Nxc7 Rxc7 26. Bd2 g5 27. h3 Ngf6 28. Na4 d5 29. cxd5 cxd5 30. Rfc1 Ra7 31. Nb6 Ra2 32. Nxd7 Bxd7 33. Bc3 Rxe2 34. Rb7 d4 35. Bb4 Kg6 36. Rcc7 Rb2 37. Be7 Rxb7 38. Rxb7 Be6 39. Rb6 Ba2 40. g4 fxg4 41. hxg4 Kf7 42. Bxf6 Bxf6 43. Be4 Be6 44. f3 Be7 45. Kf1 Bf6 46. Ke2 Be7 47. Bg6+ Kxg6 48. Rxe6+ Bf6 49. Ra6 Kf7 50. Kd2 Kg6 51. Kc2 Kf7 52. Kb3 Kg6 53. Kc4 Kf7 54. Kd5 Bg7 55. Ke4 Bf6 56. Kf5 Bg7 57. Ra7+ Kg8 58. Kg6 Bf8 59. Ra8 e4 60. fxe4 h5 61. Rxf8+ Kxf8 62. Kxh5 1-0

[Event "GER-ch internet U25 qual 04"]
[Site "Playchess.com INT"]
[Date "2007.06.13"]
[Round "2"]
[White "Reuber, Artur"]
[Black "Heimann, Andreas"]
[Result "0-1"]
[WhiteElo "2096"]
[BlackElo "2231"]
[PlyCount "52"]
[EventDate "2007.06.13"]
[EventType "swiss (blitz)"]
[EventRounds "7"]
[EventCountry "GER"]
[SourceTitle "EXT 2009"]
[Source "ChessBase"]
[SourceDate "2008.11.26"]
[SourceVersion "1"]
[SourceVersionDate "2008.11.26"]
[SourceQuality "1"]

1. c4 c5 2. g3 Nc6 3. Bg2 g6 4. Nc3 Bg7 5. d3 e5 6. Nf3 d6 7. 0-0 Nge7 8. Bd2 0-0 9. Qc1 f6 10. Bh6 Be6 11. Bxg7 Kxg7 12. Rb1 d5 13. cxd5 Nxd5 14. a3 b6 15. h4 Rc8 16. Rd1 Nd4 17. Kf1 Qd7 18. e3 Bh3 19. Nxd5 Nxf3 20. e4 Qg4 21. Qe3 Bxg2+ 22. Kxg2 Nxh4+ 23. Kg1 Nf3+ 24. Kg2 Nh4+ 25. Kg1 f5 26. Kh2 f4 0-1

[Event "Kiel op 17th"]
[Site "Kiel"]
[Date "2004.07.30"]
[Round "9"]
[White "Wiebe, Patrick Martin"]
[Black "Reuber, Artur"]
[Result "1-0"]
[WhiteElo "2210"]
[BlackElo "2113"]
[PlyCount "47"]
[EventDate "2004.07.24"]
[EventType "swiss"]
[EventRounds "9"]
[EventCountry "GER"]
[SourceTitle "CBM 101 Extra"]
[Source "ChessBase"]
[SourceDate "2004.09.01"]
[SourceVersion "2"]
[SourceVersionDate "2004.09.01"]
[SourceQuality "1"]

1. d4 d5 2. c4 c6 3. Nc3 Nf6 4. Bg5 dxc4 5. a4 Qa5 6. Nf3 Ne4 7. Bd2 Nxd2 8. Nxd2 Qb4 9. Qc2 g6 10. a5 Bg7 11. Ra4 Qd6 12. Nxc4 Qd8 13. e3 0-0 14. Be2 Nd7 15. 0-0 e5 16. dxe5 Nxe5 17. Rd1 Qe7 18. Nd6 Be6 19. Rad4 Rfd8 20. Qd2 c5 21. Nf5 Rxd4 22. Nxe7+ Kf8 23. exd4 Rd8 24. Ncd5 1-0

[Event "Kiel op 17th"]
[Site "Kiel"]
[Date "2004.07.24"]
[Round "2"]
[White "Farago, Ivan"]
[Black "Reuber, Artur"]
[Result "1-0"]
[WhiteElo "2472"]
[BlackElo "2113"]
[PlyCount "51"]
[EventDate "2004.07.24"]
[EventType "swiss"]
[EventRounds "9"]
[EventCountry "GER"]
[SourceTitle "CBM 101 Extra"]
[Source "ChessBase"]
[SourceDate "2004.09.01"]
[SourceVersion "2"]
[SourceVersionDate "2004.09.01"]
[SourceQuality "1"]

1. d4 Nf6 2. c4 e6 3. Nf3 d5 4. Nc3 c6 5. Bg5 Nbd7 6. e3 Be7 7. Rc1 a6 8. c5 h6 9. Bf4 Nh5 10. Be5 Nxe5 11. dxe5 g6 12. Qd4 b6 13. Na4 bxc5 14. Nxc5 0-0 15. Bd3 Ng7 16. 0-0 Nf5 17. Qc3 Bxc5 18. Qxc5 Ne7 19. Nd4 Bb7 20. Bc2 Qc7 21. Ba4 Rfc8 22. Rc2 Rab8 23. Rfc1 Ba8 24. f4 Qd7 25. b3 Rc7 26. Qd6 1-0

[Event "Harburg-chC 2nd"]
[Site "Hamburg"]
[Date "2004.06.20"]
[Round "4"]
[White "Scheuer, Christian"]
[Black "Reuber, Artur"]
[Result "0-1"]
[WhiteElo "1830"]
[BlackElo "1892"]
[PlyCount "50"]
[EventDate "2004.06.18"]
[EventType "tourn"]
[EventRounds "5"]
[EventCountry "GER"]
[SourceTitle "EXT 2005"]
[Source "ChessBase"]
[SourceDate "2004.11.15"]
[SourceVersion "1"]
[SourceVersionDate "2004.11.15"]
[SourceQuality "1"]

1. e4 Nf6 2. e5 Nd5 3. d4 d6 4. Nf3 Nc6 5. c4 Nb6 6. e6 fxe6 7. Be3 g6 8. Ng5 Bg7 9. Bd3 0-0 10. h4 e5 11. d5 Nb4 12. Be2 Bf5 13. Na3 c5 14. g4 Bd7 15. h5 h6 16. Ne4 g5 17. Qd2 Kh8 18. Bxg5 hxg5 19. h6 Bf6 20. Nxg5 e6 21. Ne4 exd5 22. cxd5 Rg8 23. h7 Rg7 24. Qh6 N4xd5 25. Nxd6 Qe7 0-1

[Event "Harburg-chC 2nd"]
[Site "Hamburg"]
[Date "2004.06.19"]
[Round "3"]
[White "Reuber, Artur"]
[Black "Homm, Marc Michael"]
[Result "1-0"]
[WhiteElo "1892"]
[BlackElo "1917"]
[PlyCount "53"]
[EventDate "2004.06.18"]
[EventType "tourn"]
[EventRounds "5"]
[EventCountry "GER"]
[SourceTitle "EXT 2005"]
[Source "ChessBase"]
[SourceDate "2004.11.15"]
[SourceVersion "1"]
[SourceVersionDate "2004.11.15"]
[SourceQuality "1"]

1. g3 d5 2. c4 Nf6 3. Bg2 c6 4. Nf3 e6 5. 0-0 Bd6 6. d4 0-0 7. Nc3 Nbd7 8. e4 dxe4 9. Ng5 Qe7 10. Ngxe4 Nxe4 11. Nxe4 h6 12. Nxd6 Qxd6 13. Bf4 Qe7 14. Re1 Qf6 15. Qd2 Nb6 16. b3 Rd8 17. Rad1 Rd7 18. Qb4 Qd8 19. Qd2 g5 20. Be3 a5 21. d5 cxd5 22. c5 d4 23. Bxd4 Nd5 24. Qe2 Qc7 25. Qh5 Kh7 26. Be5 Qxc5 27. Be4+ 1-0